| 000 | 00724cam a2200229 a 4500 | ||
|---|---|---|---|
| 001 | 13024369 | ||
| 005 | 20251121092327.0 | ||
| 008 | 021209s2004 njua b 001 0 eng | ||
| 020 | _a0130482218 | ||
| 020 | _a9780130482211 | ||
| 050 | 0 | 0 |
_aTH145 _b.N86 2004 |
| 082 | 0 | 0 |
_a624 _221 |
| 100 | 1 |
_aNunnally, S. W., _d1927- |
|
| 245 | 1 | 0 |
_aConstruction methods and management / _cS.W. Nunnally. |
| 250 | _a6th ed. | ||
| 260 |
_aUpper Saddle River, N.J. : _bPearson Prentice Hall, _cc2004. |
||
| 300 |
_ax, 563 p. : _bill. ; _c25 cm. |
||
| 650 | 0 | _aBuilding. | |
| 650 | 0 |
_aConstruction industry _xManagement. |
|
| 856 | 4 | 1 |
_3Table of contents _uhttp://www.loc.gov/catdir/toc/fy038/2002044960.html |
| 942 |
_2lcc _cBK _e6th ed. _n0 |
||
| 999 |
_c8276 _d8276 |
||